Έξι περιπλανήσεις στο δάσος της αφήγησης

Αποθηκεύτηκε σε:
Λεπτομέρειες βιβλιογραφικής εγγραφής
Κύριος συγγραφέας: Eco, Umberto
Άλλοι συγγραφείς: Παπακωνσταντίνου, Αναστασία (trlf)
Μορφή: Βιβλίο
Γλώσσα:Greek
English
Δημοσίευση: Αθήνα : Ελληνικά Γράμματα, 1994.
Έκδοση:2η εκδ.
Θέματα:
Ετικέτες: Προσθήκη ετικέτας
Δεν υπάρχουν, Καταχωρήστε ετικέτα πρώτοι!

MARC

LEADER 00000cam a2200000 i 4500
001 1/80632
008 960828s1994 gr | ||| |||| ||gre||
020 |a 9603440612 
035 |a 1995  |b 1  |c Σκούρτου  |l 10033495 
040 |a GR-MyUA  |b gre  |e AACR2 
041 1 |a gre  |h eng 
082 7 |a 808.3   |2 (22) 
100 1 |a Eco, Umberto. 
245 1 0 |a Έξι περιπλανήσεις στο δάσος της αφήγησης /   |c Ουμπέρτο Έκο ; μετάφραση: Αναστασία Παπακωνσταντίνου.  
250 |a 2η εκδ.  
260 |a Αθήνα :   |b Ελληνικά Γράμματα,   |c 1994.  
300 |a 191 σ. ;   |c 21 εκ.  
500 |a Τίτλος πρωτοτύπου: Six walks in the fictional woods.  
600 1 0 |a Nerval, Gerard de,   |d 1808-1855. 
650 0 0 |a Fiction  |x Technique. 
650 0 0 |a Narration (Rhetoric) 
700 1 |a Παπακωνσταντίνου, Αναστασία,  |e trlf 
852 |a INST  |b RHODES  |e 19960828  |h 808.3 ECO  |p 005400011691  |q 005400011691  |t BK  |y 0 
909 |a Ρ  |b 040095 
922 |a 4ΕΛΗ  |b 199503  |c ΣΚΟΥΡΤΟΥ 
970 |a ΧΟΡΟΖΙΔΟΥ  |b ΤΖΕΝΗ  |z 1999/12/01